Hubové ochorenia ruží

Podrobná bibliografia
Hlavný autor: Kormanová, T. (Autor)
Médium: Článok
Jazyk:slovenčina
ISSN:0862-5565
Predmet:

MARC

LEADER 00000nab a2200000 a 4500
001 vtls000588614
003 SK-MaSNL
005 20260303011231.0
008 120930c1996 xo 0 slo
015 |a SNBRB19rr/mm-uuuuu 
035 |a CL0588753 
040 |a SNKBUCL  |b slo  |c SNKBUCL  |e AACR2 
041 0 |a slo 
044 |a xo  |c SK 
080 |a 632.4:635.92:582.734.4  |2 1981 
080 |a 635.92  |2 1981 
080 |a 582.734.4  |2 1981 
100 1 |a Kormanová, T.  |4 aut  |9 896687 
245 1 0 |a Hubové ochorenia ruží  |c T. Kormanová 
650 0 7 |a ruže  |2 snkbucl  |9 58917 
650 0 7 |a choroby hubové  |2 snkbucl  |9 847675 
655 7 |a články z novín a časopisov  |2 snkbucl  |9 267496 
773 0 |t Záhradkár  |g Roč. 32, č. 6 (1996), s. 14  |x 0862-5565 
850 |a Slovenská národná knižnica v Martine  |a MTA001 
852 |a SNK  |b KIS3GCP 
958 |a RK 
992 |a RBX 
999 |c 1591133  |d 1593063